| 000 | 00788nam a2200277Ia 4500 | ||
|---|---|---|---|
| 008 | 160803s9999 xx 000 0 und d | ||
| 020 | _a978-0545103770 | ||
| 100 | _aStilton, Geronimo | ||
| 245 | _aSave the white whale! / | ||
| 245 | _cGeronimo Stilton ; translated by Lidia Tramontozzi. | ||
| 260 | _aNew York : | ||
| 260 | _bScholastic Inc. | ||
| 260 | _c2007 | ||
| 300 | _a100 pages : | ||
| 300 | _bcolor illustrations ; | ||
| 300 | _c20 cm. | ||
| 440 | _aGeronimo Stilton ; | ||
| 440 | _vbk. 45 | ||
| 500 | _aTranslation of: Salviamo la balena bianca. | ||
| 650 | _aComic books, strips, etc. | ||
| 650 | _aMice -- | ||
| 650 | _aStilton, Geronimo (Fictitious character) -- | ||
| 650 | _xJuvenile fiction. | ||
| 650 | _xJuvenile fiction. | ||
| 700 | _a580 | ||
| 999 |
_c298255 _d298255 |
||